|
|
|
|
| LEADER |
00000ny a22000003n 4500 |
| 005 |
20110621132356.0 |
| 008 |
030330s2002 po k 001 0 por |
| 020 |
|
|
|a 9789727490028
|
| 035 |
|
|
|a 1858
|
| 040 |
|
|
|a DLC
|c DLC
|d vLex
|
| 050 |
0 |
0 |
|a KKQ3310
|b .A97 2002
|
| 090 |
|
|
|c 950
|d 950
|
| 245 |
0 |
0 |
|a Apontamentos e minutas de contratos de arrendamento
|h [Recurso electrn̤ico]
|
| 250 |
|
|
|a 5a.ed.
|
| 256 |
|
|
|a Servicio en ln̕ea
|
| 260 |
|
|
|a Porto :
|b Almeida & Leitó,
|c 2002
|
| 300 |
|
|
|a 207 p. :
|b forms ;
|c 23 cm.
|
| 500 |
|
|
|a Incluye n̕dices
|
| 506 |
1 |
|
|a Contenido solo disponible en los productos indicados
|d vLex Global
|d vLex Global (Academic Edition, excluding Law Schools)
|d vLex Global (U.S. Academic Edition, Law Schools)
|d vLex Global (U.S. Academic Edition, excluding Law Schools)
|d vLex Global (Academic Edition, Law Schools)
|
| 650 |
0 |
4 |
|a Agricultores
|x Produccin̤
|
| 650 |
0 |
4 |
|a Derecho agrario
|
| 710 |
2 |
|
|a Almeida & Leitó.
|
| 740 |
0 |
|
|a vLex Libros (Servicios en ln̕ea)
|
| 856 |
4 |
0 |
|u http://vlex.com/source/1858
|z Acceso restringido
|
| 942 |
|
|
|c BOOK
|
| 999 |
|
0 |
|a Contracts, Agricultural
|z Portugal.
|
| 999 |
|
0 |
|a Farm tenancy
|z Portugal.
|
| 999 |
|
0 |
|a Land tenure
|z Portugal.
|